[Event "BL2-Sued 2122"]
[Site "Germany"]
[Date "2022.04.30"]
[Round "3.8"]
[White "Kuehn, Kolja"]
[Black "Hess, Markus"]
[Result "0-1"]
[WhiteElo "2140"]
[BlackElo "2112"]
[PlyCount "88"]
[EventDate "2022.03.05"]
[EventType "team-tourn"]
[EventRounds "10"]
[EventCountry "GER"]
[SourceTitle "EXT 2023"]
[Source "ChessBase"]
[SourceDate "2022.10.05"]
[SourceVersion "1"]
[SourceVersionDate "2022.10.05"]
[SourceQuality "1"]
[WhiteTeam "Oetigheim"]
[BlackTeam "Walldorf"]
[WhiteTeamCountry "GER"]
[BlackTeamCountry "GER"]

1. e4 c6 2. Nf3 d5 3. d3 dxe4 4. dxe4 Qxd1+ 5. Kxd1 Bg4 6. Be2 Nd7 7. Ne1 Bxe2+ 8. Kxe2 e5 9. Nd3 0-0-0 10. Be3 Bd6 11. Nd2 Ne7 12. a4 Kb8 13. a5 Bc7 14. f3 f6 15. h4 h5 16. Rhd1 Ng6 17. g3 Ngf8 18. a6 Bb6 19. axb7 Ne6 20. Nb4 Kxb7 21. Nc4 Nb8 22. Bxb6 axb6 23. Nd6+ Rxd6 24. Rxd6 Nd4+ 25. Kf2 Kc7 26. Rxd4 exd4 27. Ra7+ Kd6 28. Rxg7 Nd7 29. Nd3 c5 30. Nf4 Ra8 31. g4 hxg4 32. fxg4 Ra2 33. h5 Rxb2 34. h6 Rxc2+ 35. Kg3 d3 36. h7 d2 37. h8Q d1Q 38. e5+ fxe5 39. Rg6+ Kc7 40. Ne6+ Kb7 41. Qd8 Qe1+ 42. Kf3 Rc3+ 43. Kg2 Rg3+ 44. Kh2 Qg1# 0-1

[Event "Verbandsliga Nordbaden 1819"]
[Site "Baden"]
[Date "2019.03.10"]
[Round "7.4"]
[White "Hess, Markus"]
[Black "Pfleger, Michael"]
[Result "1/2-1/2"]
[WhiteElo "2138"]
[BlackElo "2212"]
[PlyCount "113"]
[EventDate "2018.10.14"]
[EventType "team-tourn"]
[EventRounds "9"]
[EventCountry "GER"]
[SourceTitle "EXT 2020"]
[Source "ChessBase"]
[SourceDate "2019.10.17"]
[SourceVersion "1"]
[SourceVersionDate "2019.10.17"]
[SourceQuality "1"]
[WhiteTeam "Walldorf II"]
[BlackTeam "Bad Mergentheim II"]
[WhiteTeamCountry "GER"]
[BlackTeamCountry "GER"]

1. e4 c5 2. Nf3 Nc6 3. d3 g6 4. g3 Bg7 5. Bg2 Nf6 6. 0-0 d5 7. Nbd2 0-0 8. Re1 dxe4 9. dxe4 Qc7 10. c3 Be6 11. Qe2 Rad8 12. Nc4 b5 13. Bf4 Qc8 14. Nce5 Nh5 15. Nxc6 Qxc6 16. Bg5 Bc4 17. Qe3 Rd3 18. Qc1 f6 19. Be3 Bh8 20. Nd2 Bf7 21. c4 Rfd8 22. cxb5 Qd7 23. Nb3 Qxb5 24. Qxc5 Qe8 25. Bf1 R3d6 26. Bb5 Qf8 27. Qxa7 f5 28. Bg5 Ra8 29. Qxe7 Bxb2 30. Qxf8+ Kxf8 31. Rab1 Bc3 32. Re3 Rb6 33. Rxc3 Rxb5 34. Rc5 Rxc5 35. Nxc5 Bxa2 36. Ra1 fxe4 37. Nxe4 Bd5 38. Rxa8+ Bxa8 39. f3 Kf7 40. Kf2 Ng7 41. Bc1 Ne6 42. Bb2 h6 43. Bc1 g5 44. g4 Kg6 45. Be3 Bb7 46. Kg3 h5 47. h3 Ba8 48. Kf2 hxg4 49. hxg4 Bb7 50. Ke2 Ba6+ 51. Kd2 Bf1 52. Kc3 Be2 53. Nd2 Kf6 54. Bd4+ Kg6 55. Be5 Kh6 56. Kb4 Kg6 57. Kc3 1/2-1/2

[Event "Verbandsliga Nordbaden 1819"]
[Site "Baden"]
[Date "2018.11.04"]
[Round "2.3"]
[White "Hess, Markus"]
[Black "Hartmann, Martin"]
[Result "1/2-1/2"]
[WhiteElo "2138"]
[BlackElo "2125"]
[PlyCount "42"]
[EventDate "2018.10.14"]
[EventType "team-tourn"]
[EventRounds "9"]
[EventCountry "GER"]
[SourceTitle "EXT 2020"]
[Source "ChessBase"]
[SourceDate "2019.10.17"]
[SourceVersion "1"]
[SourceVersionDate "2019.10.17"]
[SourceQuality "1"]
[WhiteTeam "Walldorf II"]
[BlackTeam "Pforzheim"]
[WhiteTeamCountry "GER"]
[BlackTeamCountry "GER"]

1. e4 e5 2. Nf3 Nc6 3. Bb5 a6 4. Bxc6 dxc6 5. d4 exd4 6. Qxd4 Qxd4 7. Nxd4 c5 8. Ne2 Ne7 9. Bf4 c6 10. Bd6 Ng6 11. Bxf8 Rxf8 12. Nbc3 b5 13. f4 f5 14. 0-0-0 fxe4 15. Nxe4 Bg4 16. Rhe1 Kf7 17. Nxc5 Rae8 18. Kd2 Bxe2 19. Rxe2 Rxe2+ 20. Kxe2 Nxf4+ 21. Kf3 Nd5 1/2-1/2

[Event "Verbandsliga Nordbaden 1718"]
[Site "Baden"]
[Date "2018.04.22"]
[Round "8.4"]
[White "Pfatteicher, Lukas"]
[Black "Hess, Markus"]
[Result "1/2-1/2"]
[WhiteElo "2185"]
[BlackElo "2141"]
[PlyCount "68"]
[EventDate "2017.10.08"]
[EventType "team-tourn"]
[EventRounds "9"]
[EventCountry "GER"]
[SourceTitle "EXT 2019"]
[Source "ChessBase"]
[SourceDate "2018.10.10"]
[SourceVersion "1"]
[SourceVersionDate "2018.10.10"]
[SourceQuality "1"]
[WhiteTeam "Karlsruhe"]
[BlackTeam "Walldorf II"]
[WhiteTeamCountry "GER"]
[BlackTeamCountry "GER"]

1. e4 c6 2. Nc3 d5 3. Nf3 g6 4. d4 Bg7 5. Bf4 Bg4 6. h3 Bxf3 7. Qxf3 e6 8. 0-0-0 Nd7 9. exd5 exd5 10. Re1+ Ne7 11. Bd6 Bf6 12. Qe3 Nf8 13. Qf4 Bg5 14. Qxg5 Qxd6 15. Bd3 Ne6 16. Qe5 Kd7 17. Ne2 Qxe5 18. dxe5 Nc5 19. Kd2 Nxd3 20. Kxd3 Nf5 21. c4 dxc4+ 22. Kxc4 Rad8 23. g4 Ng7 24. Ng3 h5 25. Ne4 Ke7 26. Rd1 Ne6 27. Nf6 hxg4 28. hxg4 Rxh1 29. Rxh1 Rd4+ 30. Kc3 Rf4 31. Rh8 Nf8 32. g5 Rxf2 33. Ng8+ Ke6 34. Nf6 Ke7 1/2-1/2

[Event "Oberliga Baden 1718"]
[Site "Baden"]
[Date "2017.11.12"]
[Round "3.8"]
[White "Bittner, Thomas"]
[Black "Hess, Markus"]
[Result "1/2-1/2"]
[WhiteElo "2155"]
[BlackElo "2163"]
[PlyCount "27"]
[EventDate "2017.10.08"]
[EventType "team-tourn"]
[EventRounds "9"]
[EventCountry "GER"]
[SourceTitle "EXT 2019"]
[Source "ChessBase"]
[SourceDate "2018.10.10"]
[SourceVersion "1"]
[SourceVersionDate "2018.10.10"]
[SourceQuality "1"]
[WhiteTeam "Baden-Baden III"]
[BlackTeam "Walldorf"]
[WhiteTeamCountry "GER"]
[BlackTeamCountry "GER"]

1. e4 c6 2. d4 d5 3. exd5 cxd5 4. c4 Nf6 5. Nc3 e6 6. Nf3 Bb4 7. Qc2 Nc6 8. a3 Bxc3+ 9. Qxc3 dxc4 10. Bxc4 0-0 11. 0-0 Nd5 12. Qd3 Qf6 13. Bb3 Qg6 14. Qxg6 1/2-1/2

[Event "Verbandsliga Nord Baden 1314"]
[Site "Germany"]
[Date "2013.10.20"]
[Round "1.5"]
[White "Hess, Markus"]
[Black "Wenner, Tobias"]
[Result "1/2-1/2"]
[WhiteElo "2183"]
[BlackElo "2147"]
[PlyCount "84"]
[EventDate "2013.10.20"]
[EventType "team-tourn"]
[EventRounds "9"]
[EventCountry "GER"]
[SourceTitle "EXT 2015"]
[Source "ChessBase"]
[SourceDate "2014.11.20"]
[SourceVersion "1"]
[SourceVersionDate "2014.11.20"]
[SourceQuality "1"]
[WhiteTeam "Walldorf"]
[BlackTeam "Eppingen II"]
[WhiteTeamCountry "GER"]
[BlackTeamCountry "GER"]

1. e4 c5 2. Nf3 Nc6 3. g3 e6 4. d3 d5 5. Nbd2 Bd6 6. Bg2 Nge7 7. 0-0 0-0 8. Nh4 Bd7 9. f4 f5 10. exf5 exf5 11. Re1 Qc7 12. c3 Kh8 13. Ndf3 h6 14. Bd2 Be8 15. Qe2 Bh5 16. Qf2 Rae8 17. Kh1 Qc8 18. d4 b6 19. Ne5 Bxe5 20. fxe5 Nd8 21. Be3 Ne6 22. Qd2 g5 23. Nf3 f4 24. gxf4 Nxf4 25. Bxf4 Rxf4 26. Ng1 Ref8 27. Rf1 Ng6 28. Nh3 Rxf1+ 29. Rxf1 Rxf1+ 30. Bxf1 Bf3+ 31. Kg1 Qg4+ 32. Kf2 Be4 33. Qe2 Qf5+ 34. Ke1 cxd4 35. cxd4 Nh4 36. Ng1 Qf4 37. Qd2 Qg4 38. Qf2 Nf3+ 39. Nxf3 Bxf3 40. Be2 Bxe2 41. Qf8+ Kh7 42. Qf7+ Kh8 1/2-1/2

[Event "Pfalz op 03rd"]
[Site "Neustadt an der Weinstrasse"]
[Date "2012.03.03"]
[Round "7"]
[White "Vogel, Johannes"]
[Black "Hess, Markus"]
[Result "1/2-1/2"]
[WhiteElo "2102"]
[BlackElo "2200"]
[PlyCount "67"]
[EventDate "2012.02.17"]
[EventType "swiss"]
[EventRounds "9"]
[EventCountry "GER"]
[SourceTitle "EXT 2013"]
[Source "ChessBase"]
[SourceDate "2012.11.22"]
[SourceVersion "1"]
[SourceVersionDate "2012.11.22"]
[SourceQuality "1"]

1. e4 c6 2. d4 d5 3. f3 e6 4. Bf4 Qb6 5. b3 Nf6 6. e5 Nfd7 7. Be3 c5 8. f4 Nc6 9. Nf3 cxd4 10. Nxd4 Nxd4 11. Bxd4 Bc5 12. c3 a5 13. Na3 0-0 14. Nc2 Qd8 15. Be2 b6 16. 0-0 Ba6 17. Bxa6 Rxa6 18. Rf3 f5 19. Qd3 Ra7 20. c4 dxc4 21. Qxc4 Qe7 22. Bxc5 Qxc5+ 23. Qxc5 Nxc5 24. Rd1 Ne4 25. Na3 Rc7 26. Rfd3 Nc3 27. R1d2 Nd5 28. g3 Rfc8 29. Nc4 h6 30. Kf2 Rc5 31. Nd6 Rf8 32. Nc4 a4 33. Ne3 Nc3 34. Kf3 1/2-1/2

[Event "Verbandsliga Nord Baden 1112"]
[Site "Germany"]
[Date "2012.01.29"]
[Round "5.7"]
[White "Hess, Markus"]
[Black "Mueller, Erich2222"]
[Result "1/2-1/2"]
[WhiteElo "2200"]
[BlackElo "2131"]
[PlyCount "130"]
[EventDate "2011.10.09"]
[EventType "team-tourn"]
[EventRounds "9"]
[EventCountry "GER"]
[SourceTitle "EXT 2013"]
[Source "ChessBase"]
[SourceDate "2012.11.22"]
[SourceVersion "1"]
[SourceVersionDate "2012.11.22"]
[SourceQuality "1"]
[WhiteTeam "Walldorf"]
[BlackTeam "Ladenburg"]
[WhiteTeamCountry "GER"]
[BlackTeamCountry "GER"]

1. e4 c5 2. Nf3 e6 3. d3 Nc6 4. g3 d5 5. Nbd2 Bd6 6. Bg2 Nge7 7. 0-0 0-0 8. Re1 Bc7 9. Nf1 d4 10. h4 e5 11. N1h2 Bd7 12. h5 f5 13. exf5 Bxf5 14. h6 g6 15. Ng5 Rc8 16. Ne4 Bxe4 17. Bxe4 Nd5 18. Ng4 Qd6 19. a3 Nf6 20. Nxf6+ Qxf6 21. Qe2 Rce8 22. Bd2 Nd8 23. Rf1 b6 24. Qg4 Nf7 25. Rae1 Bd8 26. Bd5 Kh8 27. Bxf7 Qxf7 28. f4 Qe6 29. Qxe6 Rxe6 30. Rxe5 Ref6 31. Rfe1 Kg8 32. b4 Rc6 33. Re6 Rc7 34. b5 Kf7 35. Kg2 Re7 36. Rxe7+ Bxe7 37. a4 Rd8 38. g4 Bf8 39. g5 Rd6 40. Kf3 Rd7 41. Ke4 Bd6 42. f5 gxf5+ 43. Kxf5 Bc7 44. Re4 Rd5+ 45. Kg4 Bb8 46. Re2 Bc7 47. Rf2+ Kg8 48. Rf6 Bd8 49. Rf5 Rd7 50. Bf4 Bc7 51. Bxc7 Rxc7 52. Rd5 Kf7 53. Kf5 Re7 54. Re5 Rd7 55. Kg4 Rd8 56. Rf5+ Ke7 57. Kh5 Rd6 58. Re5+ Kf7 59. Kg4 Rg6 60. Rd5 Ke7 61. Kf5 Rg8 62. Re5+ Kf7 63. Re4 Rg6 64. Rg4 Ke7 65. Re4+ Kf7 1/2-1/2

[Event "Verbandsliga Nord Baden 0910"]
[Site "Baden"]
[Date "2011.03.27"]
[Round "8.6"]
[White "Drakulic, Aleksandar"]
[Black "Hess, Markus"]
[Result "1/2-1/2"]
[WhiteElo "2021"]
[BlackElo "2200"]
[PlyCount "72"]
[EventDate "2010.10.17"]
[EventType "team-tourn"]
[EventRounds "9"]
[EventCountry "GER"]
[SourceTitle "EXT 2012"]
[Source "ChessBase"]
[SourceDate "2011.11.24"]
[SourceVersion "1"]
[SourceVersionDate "2011.11.24"]
[SourceQuality "1"]
[WhiteTeam "Slavija KA"]
[BlackTeam "Walldorf"]
[WhiteTeamCountry "GER"]
[BlackTeamCountry "GER"]

1. d4 Nf6 2. Nf3 g6 3. Bf4 Bg7 4. e3 d6 5. Be2 0-0 6. 0-0 c5 7. c4 Qb6 8. Qb3 Qxb3 9. axb3 Nc6 10. dxc5 dxc5 11. Nc3 Bf5 12. h3 h5 13. Ne5 Nxe5 14. Bxe5 Ne4 15. Bxg7 Kxg7 16. Rfd1 Nxc3 17. bxc3 Be4 18. Bf3 Bxf3 19. gxf3 Kf6 20. Rd7 b6 21. Raxa7 Rxa7 22. Rxa7 Rb8 23. Kf1 Ke6 24. Ke2 Kd6 25. f4 Ke6 26. b4 Kd6 27. e4 f6 28. Ke3 Ke6 29. Ra6 Kd6 30. f3 Kc6 31. e5 Kb7 32. Ra2 f5 33. bxc5 bxc5 34. Rb2+ Kc7 35. Rxb8 Kxb8 36. Kf2 h4 1/2-1/2

[Event "Verbandsliga Nord Baden 0910"]
[Site "Germany"]
[Date "2009.10.11"]
[Round "1.4"]
[White "Friedel, Marcus"]
[Black "Hess, Markus"]
[Result "1/2-1/2"]
[WhiteElo "2133"]
[BlackElo "2190"]
[PlyCount "153"]
[EventDate "2009.10.11"]
[EventType "team-tourn"]
[EventRounds "9"]
[EventCountry "GER"]
[SourceTitle "EXT 2011"]
[Source "ChessBase"]
[SourceDate "2010.11.26"]
[SourceVersion "1"]
[SourceVersionDate "2010.11.26"]
[SourceQuality "1"]
[WhiteTeam "Ettlingen"]
[BlackTeam "Walldorf"]
[WhiteTeamCountry "GER"]
[BlackTeamCountry "GER"]

1. e4 c6 2. d4 d5 3. Nc3 dxe4 4. Nxe4 Nd7 5. Bc4 Ngf6 6. Ng5 e6 7. Qe2 Nb6 8. Bd3 h6 9. N5f3 c5 10. dxc5 Bxc5 11. Ne5 Nbd7 12. Ngf3 Qc7 13. 0-0 Nxe5 14. Nxe5 0-0 15. Re1 Bd6 16. Bf4 b6 17. Bg3 Bb7 18. Rad1 Rad8 19. c3 Rfe8 20. Bb5 Rf8 21. Rxd6 Qxd6 22. Nc6 Qc5 23. Nxd8 Rxd8 24. Bc4 Ne4 25. Bf4 Nxf2 26. Be3 Qc6 27. Qxf2 Qxc4 28. Bd4 Qd5 29. Qg3 Qg5 30. Qxg5 hxg5 31. Re5 Rd5 32. Rxd5 Bxd5 33. a3 f6 34. Kf2 Kf7 35. g3 e5 36. Be3 g4 37. a4 f5 38. a5 bxa5 39. Bxa7 Ke6 40. Bb6 a4 41. Bc7 Bc4 42. Bd8 Kd5 43. Ke3 Bb5 44. Be7 Ba6 45. Bf8 g6 46. Be7 Kc4 47. Kd2 Bb7 48. Bf6 Kd5 49. Ke3 Ba6 50. Be7 Kc4 51. Kd2 Kb3 52. Kc1 Be2 53. Bf6 e4 54. Bd4 Bf3 55. Kb1 g5 56. Bf6 e3 57. Bxg5 e2 58. Bd2 Be4+ 59. Kc1 Kc4 60. Be1 Kd3 61. c4 Kxc4 62. Kd2 Kb3 63. Kc1 Bf3 64. Bf2 Kc4 65. Kd2 Kd5 66. Ke3 Kc4 67. Kd2 Kd5 68. Ke3 Ke5 69. Be1 Kd5 70. Bf2 Kc4 71. Kd2 Kb3 72. Kc1 a3 73. bxa3 Kxa3 74. Kd2 Kb3 75. Kd3 Kb2 76. Kd2 Kb1 77. Be1 1/2-1/2